[Event "World Rapid 2017"]
[Site "Riyadh KSA"]
[Date "2017.12.26"]
[Round "3.18"]
[White "Meier, Georg"]
[Black "Adhiban, Baskaran"]
[Result "1/2-1/2"]
[WhiteTitle "GM"]
[BlackTitle "GM"]
[WhiteElo "2650"]
[BlackElo "2655"]
[WhiteFideId "4675789"]
[BlackFideId "5018471"]
[EventDate "2017.12.26"]

1. Nf3 Nf6 2. g3 g6 3. Bg2 Bg7 4. d4 O-O 5. O-O d6 6. b3 Nbd7 7. Bb2 Re8 8. c4
e5 9. dxe5 Ng4 10. h3 Nh6 11. e4 dxe5 12. b4 a5 13. a3 f5 14. Nbd2 Nf7 15. c5
Nf6 16. exf5 gxf5 17. Nc4 Nd7 18. Nh4 axb4 19. Nxf5 bxa3 20. Nxg7 Kxg7 21. Bxa3
Rxa3 22. Rxa3 Nxc5 23. Ra8 Qg5 24. Qc1 Qh5 25. g4 Qg6 26. Nxe5 Rxe5 27. Rxc8 c6
28. Qc3 Qd3 29. Qa1 Nb3 30. Qd1 Nd2 31. Re1 Ng5 32. Qa1 Ngf3+ 33. Kh1 Nb3 34.
Qxe5+ Nxe5 35. Rxe5 Qd1+ 36. Kh2 Qd2 37. Rc7+ Kf6 38. Rf5+ Ke6 39. Rxb7 Nd4 40.
Rff7 h6 41. Rbd7 Qb4 42. Rfe7+ Qxe7 43. Rxe7+ Kxe7 44. Kg3 c5 45. Bd5 Ne2+ 46.
Kf3 Ng1+ 47. Kg2 Ne2 48. Bc4 Nd4 49. f4 Kf6 50. Kg3 Nc2 51. Kf3 Na3 52. Bd5 Nb5
53. Ke3 Nd6 54. Kd3 h5 55. g5+ Kf5 56. Ke3 h4 57. Bb3 Kg6 58. Be6 Kh5 59. Kf3 c4
60. Ke3 Kg6 61. Kd4 c3 62. Kxc3 Ne4+ 63. Kd4 Nxg5 64. Bg4 Kf6 1/2-1/2

[Event "World Rapid 2017"]
[Site "Riyadh KSA"]
[Date "2017.12.26"]
[Round "3.19"]
[White "Socko, Bartosz"]
[Black "Wang, Yue"]
[Result "0-1"]
[WhiteTitle "GM"]
[BlackTitle "GM"]
[WhiteElo "2593"]
[BlackElo "2690"]
[WhiteFideId "1107038"]
[BlackFideId "8601429"]
[EventDate "2017.12.26"]

1. d4 Nf6 2. c4 e6 3. g3 Bb4+ 4. Bd2 Qe7 5. Bg2 Nc6 6. e3 O-O 7. Ne2 d5 8. O-O
dxc4 9. Qc2 Bd6 10. Qxc4 e5 11. d5 Nb8 12. Nbc3 a6 13. a4 Re8 14. e4 h6 15. Nc1
c6 16. Nd3 cxd5 17. exd5 Bf5 18. Nd1 Nbd7 19. Ne3 Bg6 20. Qb3 e4 21. Nf4 Bxf4
22. gxf4 Nc5 23. Qa3 Nd3 24. f5 Bh5 25. Bc3 Rad8 26. Qxe7 Rxe7 27. Bxf6 gxf6 28.
Ra3 Nf4 29. Re1 Nxd5 30. Nxd5 Rxd5 31. Rae3 Rxf5 32. Bxe4 Rg5+ 33. Kf1 Kg7 34.
Bf3 Rc7 35. Bxh5 Rxh5 36. Re7 Rc4 37. Rxb7 Rxh2 38. Kg1 Rhh4 39. Ree7 Rxa4 40.
Rxf7+ Kg6 41. Rg7+ Kf5 42. Rb6 Rhb4 43. Rgb7 Rg4+ 44. Kf1 Ra1+ 45. Ke2 Re4+ 46.
Kf3 Rf4+ 47. Ke2 Rc1 48. Rxa6 Rc2+ 49. Ke3 Rcxf2 50. b4 R2f3+ 51. Ke2 Rb3 52.
Rb5+ Kg4 53. Rbb6 Kg5 54. Ra5+ Kg6 55. Raa6 h5 56. b5 h4 57. Ra8 h3 58. Rg8+ Kf5
59. Rh8 h2 60. Rb7 Ra4 61. Rc7 Ra2+ 62. Kd1 Rb1+ 63. Rc1 Rxc1+ 64. Kxc1 Ra1+ 0-1

[Event "World Rapid 2017"]
[Site "Riyadh KSA"]
[Date "2017.12.26"]
[Round "3.20"]
[White "McShane, Luke J"]
[Black "Salem, A.R. Saleh"]
[Result "1-0"]
[WhiteTitle "GM"]
[BlackTitle "GM"]
[WhiteElo "2640"]
[BlackElo "2638"]
[WhiteFideId "404853"]
[BlackFideId "9301348"]
[EventDate "2017.12.26"]

1. e4 c5 2. Nc3 Nc6 3. g3 g6 4. Bg2 Bg7 5. d3 d6 6. Nge2 e6 7. h4 h6 8. Be3 Nd4
9. Qd2 Ne7 10. O-O Rb8 11. Nd1 b5 12. Nc1 b4 13. a3 a5 14. axb4 axb4 15. c3 Ndc6
16. d4 cxd4 17. cxd4 d5 18. e5 Nf5 19. Nb3 Qb6 20. Bh3 Bf8 21. Re1 Ba6 22. Kh2
Bc4 23. Bxf5 gxf5 24. Nc5 f4 25. Bxf4 Nxd4 26. Qxd4 Bxc5 27. Qd2 d4 28. f3 b3
29. Nf2 Bb4 30. Qd1 Bxe1 31. Qxe1 Bd5 32. Ng4 Rc8 33. Nf6+ Kf8 34. Nd7+ Kg7 35.
Nxb6 Rc2+ 36. Bd2 Bb7 37. Ra7 Rb8 38. Nd7 Rbc8 39. Rxb7 Rxd2+ 40. Qxd2 Rc2 41.
Qg2 1-0

[Event "World Rapid 2017"]
[Site "Riyadh KSA"]
[Date "2017.12.26"]
[Round "3.21"]
[White "Kravtsiv, Martyn"]
[Black "Fedorchuk, Sergey A."]
[Result "1-0"]
[WhiteTitle "GM"]
[BlackTitle "GM"]
[WhiteElo "2672"]
[BlackElo "2648"]
[WhiteFideId "14113147"]
[BlackFideId "14102536"]
[EventDate "2017.12.26"]

1. e4 c5 2. Nf3 e6 3. d4 cxd4 4. Nxd4 a6 5. Nc3 Qc7 6. Be2 Nf6 7. O-O Be7 8. f4
d6 9. Kh1 O-O 10. Be3 Nc6 11. Qe1 Nxd4 12. Bxd4 b5 13. Qg3 Bb7 14. a3 Rad8 15.
Bd3 Rfe8 16. Rae1 Qd7 17. Nd1 Nh5 18. Qg4 e5 19. Qxh5 exd4 20. Nf2 g6 21. Qh6
Bf8 22. Qh4 Be7 23. Qg3 Bf6 24. Ng4 Qe7 25. f5 Be5 26. Qf2 Kh8 27. h3 Qg5 28. b3
h5 29. Nxe5 dxe5 30. fxg6 fxg6 31. Qf6+ Qxf6 32. Rxf6 Kg7 33. Rb6 Re7 34. Rf1
Kh6 35. a4 bxa4 36. bxa4 Rc8 37. Rff6 Rg7 38. h4 Rc5 39. Kg1 Ra5 40. Rf8 Rc7 41.
Re8 Rac5 42. Ree6 Rg7 43. Kf2 Bc8 44. Rec6 Rxc6 45. Rxc6 Rf7+ 46. Kg3 Bb7 47.
Re6 Rf4 48. Rxe5 Rg4+ 49. Kf3 Rxh4 50. Rc5 g5 51. g3 Rh2 52. Rc7 Ba8 53. Ra7 g4+
54. Kf4 Rf2+ 55. Ke5 Rf8 56. Kxd4 h4 57. Rxa6+ Kh7 58. gxh4 g3 59. Ra5 Rg8 60.
Rh5+ Kg6 61. Rg5+ Kh7 62. Rxg8 Kxg8 63. Ke3 1-0

[Event "World Rapid 2017"]
[Site "Riyadh KSA"]
[Date "2017.12.26"]
[Round "3.22"]
[White "Mamedov, Rauf"]
[Black "Bu, Xiangzhi"]
[Result "1/2-1/2"]
[WhiteTitle "GM"]
[BlackTitle "GM"]
[WhiteElo "2709"]
[BlackElo "2730"]
[WhiteFideId "13401653"]
[BlackFideId "8601445"]
[EventDate "2017.12.26"]

1. e4 e5 2. Nf3 Nf6 3. Nc3 Bb4 4. Nxe5 O-O 5. Be2 Re8 6. Nd3 Bxc3 7. dxc3 Nxe4
8. O-O d6 9. Re1 Nd7 10. Bf3 Nec5 11. Be3 Nxd3 12. cxd3 Ne5 13. Be2 Qh4 14. Qb3
b6 15. Qd5 Bd7 16. Qd4 Qxd4 17. Bxd4 Bf5 18. Red1 Nc4 19. Bf3 Nxb2 20. Rd2 Nxd3
21. Bxa8 Rxa8 22. Rad1 c5 23. Be3 c4 24. a4 Bd7 25. Ra1 f5 26. Bd4 Kf7 27. h3 g5
28. a5 b5 29. a6 Bc6 30. f3 h5 31. Re2 h4 32. Re3 Bd5 33. Re2 Bc6 34. Re3 Bd5 1/2-1/2

[Event "World Rapid 2017"]
[Site "Riyadh KSA"]
[Date "2017.12.26"]
[Round "3.23"]
[White "Mchedlishvili, Mikheil"]
[Black "Cheparinov, Ivan"]
[Result "0-1"]
[WhiteTitle "GM"]
[BlackTitle "GM"]
[WhiteElo "2603"]
[BlackElo "2710"]
[WhiteFideId "13600966"]
[BlackFideId "2905540"]
[EventDate "2017.12.26"]

1. c4 e6 2. d4 Nf6 3. Nc3 Bb4 4. e3 O-O 5. Ne2 d5 6. a3 Be7 7. cxd5 exd5 8. Nf4
c6 9. Bd3 Na6 10. O-O Nc7 11. f3 Re8 12. Bc2 c5 13. Kh1 Ne6 14. dxc5 Nxf4 15.
exf4 Bxc5 16. b4 Bb6 17. Bb2 Qc7 18. Qd3 Qc4 19. Rad1 Qxd3 20. Bxd3 Bd7 21. Nb5
Nh5 22. g3 Re3 23. Nc3 Nf6 24. Kg2 Rc8 25. Ne2 Rxd3 26. Rxd3 Rc2 27. Re1 Rxb2
28. Rdd1 Bb5 29. Kf1 Be3 0-1

[Event "World Rapid 2017"]
[Site "Riyadh KSA"]
[Date "2017.12.26"]
[Round "3.24"]
[White "Safarli, Eltaj"]
[Black "Laznicka, Viktor"]
[Result "1-0"]
[WhiteTitle "GM"]
[BlackTitle "GM"]
[WhiteElo "2639"]
[BlackElo "2647"]
[WhiteFideId "13402129"]
[BlackFideId "316385"]
[EventDate "2017.12.26"]

1. e4 c6 2. Nf3 d5 3. exd5 cxd5 4. Ne5 Nf6 5. d4 Nc6 6. Bb5 Bd7 7. Nxd7 Qxd7 8.
c3 a6 9. Bd3 e6 10. O-O Be7 11. Nd2 O-O 12. Qe2 Qc7 13. f4 b5 14. a3 Na5 15. g4
g6 16. Rb1 Bd6 17. Qf3 Rae8 18. Rf2 Qc6 19. Re2 Bc7 20. Nf1 Nb3 21. Ng3 Nxc1 22.
Rxc1 a5 23. h4 b4 24. axb4 axb4 25. c4 Qd6 26. Rf2 dxc4 27. Rxc4 Nd5 28. Ne2 f5
29. g5 Ra8 30. Rc5 Ra1+ 31. Kg2 Re1 32. Bc4 Bb6 33. Rb5 Qc6 34. Qxd5 exd5 35.
Bxd5+ Qxd5+ 36. Rxd5 Re8 37. Rd6 Ba5 38. Ng1 b3 39. Nf3 R1e2 40. Ne5 Rxf2+ 41.
Kxf2 Rc8 42. Nc6 Ra8 43. Nxa5 Rxa5 44. Rb6 Ra1 45. Rxb3 Rh1 46. Rb8+ Kf7 47.
Rb7+ Ke6 48. Rxh7 Kd5 49. Kg2 Rb1 50. h5 gxh5 51. Re7 Rxb2+ 52. Kg3 Rb1 53. Re5+
Kxd4 54. Rxf5 Rg1+ 55. Kh2 Rg4 56. Rf6 Ke4 57. g6 Kf3 58. Kh3 Rg1 59. Kh4 Rh1+
60. Kg5 h4 61. Ra6 h3 62. Ra3+ Ke4 63. g7 h2 64. Rh3 Rg1+ 65. Kf6 h1=Q 66. Rxh1
Rxh1 67. g8=Q Kxf4 68. Qg5+ Ke4 69. Qe5+ 1-0

[Event "World Rapid 2017"]
[Site "Riyadh KSA"]
[Date "2017.12.26"]
[Round "3.25"]
[White "Khismatullin, Denis"]
[Black "Moiseenko, Alexander"]
[Result "0-1"]
[WhiteTitle "GM"]
[BlackTitle "GM"]
[WhiteElo "2632"]
[BlackElo "2667"]
[WhiteFideId "4142578"]
[BlackFideId "14102560"]
[EventDate "2017.12.26"]

1. Nf3 Nf6 2. c4 e6 3. Nc3 d5 4. e3 Be7 5. b3 O-O 6. Bb2 b6 7. Qc2 Bb7 8. cxd5
exd5 9. d4 c5 10. Rd1 Nbd7 11. Be2 Rc8 12. dxc5 bxc5 13. O-O Re8 14. Qb1 Bd6 15.
Rd2 Qe7 16. Rfd1 Bb8 17. Nxd5 Bxd5 18. Rxd5 Nxd5 19. Rxd5 Nf6 20. Rf5 Rcd8 21.
Ng5 Ne4 22. Nxf7 Rd2 23. Bc4 Rxf2 24. Nh6+ Kh8 25. Nf7+ Kg8 26. Rxf2 Bxh2+ 27.
Kh1 Nxf2+ 28. Kxh2 Qh4+ 29. Kg1 Qh1+ 30. Kxf2 Qxb1 31. Nd6+ Kf8 32. Bxg7+ Kxg7
33. Nxe8+ Kf8 34. Nc7 Qxa2+ 35. Kf3 Ke7 36. Nd5+ Kd6 37. Nc3 Qa1 38. Ne4+ Kc6
39. Kf4 a5 40. Bf7 Qg7 41. Be8+ Kb6 42. Nd6 Qc7 43. Ke5 c4 0-1

[Event "World Rapid 2017"]
[Site "Riyadh KSA"]
[Date "2017.12.26"]
[Round "3.26"]
[White "Harikrishna, Pentala"]
[Black "Fressinet, Laurent"]
[Result "0-1"]
[WhiteTitle "GM"]
[BlackTitle "GM"]
[WhiteElo "2744"]
[BlackElo "2662"]
[WhiteFideId "5007003"]
[BlackFideId "608742"]
[EventDate "2017.12.26"]

1. e4 e5 2. Nf3 Nc6 3. Bb5 a6 4. Ba4 d6 5. O-O Bd7 6. c3 g6 7. d4 Bg7 8. Re1 Nf6
9. Bg5 h6 10. Bh4 O-O 11. Nbd2 exd4 12. cxd4 g5 13. Bg3 Nh5 14. Nf1 b5 15. Bc2
Nxg3 16. Nxg3 g4 17. d5 Nb4 18. Nd2 Bxb2 19. Rb1 Nxc2 20. Qxc2 Be5 21. Nb3 c5
22. dxc6 Rc8 23. Qd2 Rxc6 24. Qxh6 Qf6 25. Qxf6 Bxf6 26. Rbd1 Be6 27. Nd4 Bxd4
28. Rxd4 Rfc8 29. h3 Rc1 30. Rxc1 Rxc1+ 31. Kh2 gxh3 32. gxh3 Rc2 33. a4 Rxf2+
34. Kg1 Rc2 35. axb5 axb5 36. h4 Kh7 37. Kf1 Bc4+ 38. Ke1 b4 39. Rd2 Rc1+ 40.
Rd1 Rc3 41. Nf5 b3 42. Rb1 Rc2 43. Nxd6 Be6 44. Nb5 b2 45. Na3 Ba2 46. Nxc2 Bxb1
47. Kd2 Ba2 0-1

[Event "World Rapid 2017"]
[Site "Riyadh KSA"]
[Date "2017.12.26"]
[Round "3.29"]
[White "Akobian, Varuzhan"]
[Black "Inarkiev, Ernesto"]
[Result "0-1"]
[WhiteTitle "GM"]
[BlackTitle "GM"]
[WhiteElo "2647"]
[BlackElo "2689"]
[WhiteFideId "13300580"]
[BlackFideId "4162722"]
[EventDate "2017.12.26"]

1. d4 Nf6 2. c4 e6 3. Nc3 Bb4 4. Qc2 O-O 5. Nf3 d5 6. a3 Bxc3+ 7. Qxc3 dxc4 8.
Qxc4 b6 9. Bg5 Ba6 10. Qa4 h6 11. Bxf6 Qxf6 12. Rc1 c5 13. e3 Bxf1 14. Rxf1 Rd8
15. Ke2 Nd7 16. Rfd1 e5 17. dxe5 Nxe5 18. Qf4 Nd3 19. Qxf6 Nxc1+ 20. Rxc1 gxf6
21. Nh4 Rd5 22. e4 Re8 23. Kf3 Rd3+ 24. Kf4 Rd2 25. f3 Rxb2 26. Rd1 Re5 27. Rd7
a5 28. Rc7 Kg7 29. a4 Ra2 30. Rc6 Rxa4 31. Rxb6 Ra2 32. Rc6 a4 33. Nf5+ Rxf5+
34. exf5 Rxg2 35. Rxc5 Rxh2 36. Ra5 Ra2 37. Ra6 Ra1 38. Kg3 a3 39. Kh2 a2 40.
Kg2 h5 41. f4 h4 42. Ra8 Kh7 43. Ra6 Kg8 44. Ra8+ Kg7 45. Kh2 h3 46. Ra3 Kf8 47.
Ra7 Ke8 48. Ra4 Kd7 49. Ra6 Kc7 50. Ra7+ Kb6 51. Ra8 Kb5 52. Ra7 Kc4 53. Ra8 Kd4
54. Ra4+ Ke3 55. Ra3+ Kxf4 56. Ra4+ Ke5 0-1

[Event "World Rapid 2017"]
[Site "Riyadh KSA"]
[Date "2017.12.26"]
[Round "3.30"]
[White "Rapport, Richard"]
[Black "Zhao, Jun"]
[Result "1-0"]
[WhiteTitle "GM"]
[BlackTitle "GM"]
[WhiteElo "2707"]
[BlackElo "2604"]
[WhiteFideId "738590"]
[BlackFideId "8602522"]
[EventDate "2017.12.26"]

1. e4 e5 2. Nf3 Nc6 3. Bc4 Bc5 4. c3 Nf6 5. d3 d6 6. Bb3 a6 7. h3 Ba7 8. Na3 Ne7
9. Bg5 Ng6 10. Nh4 Nxh4 11. Bxh4 h6 12. Nc2 Qe7 13. Qe2 Be6 14. Ba4+ b5 15. Bb3
Bxb3 16. axb3 Qe6 17. Nb4 a5 18. Nc6 Bb6 19. b4 a4 20. Bxf6 Qxf6 21. c4 O-O 22.
O-O Qe6 23. Qg4 bxc4 24. Qxe6 fxe6 25. dxc4 Rf4 26. Rae1 a3 27. g3 Rf3 28. Kg2
Raf8 29. c5 dxc5 30. Nxe5 Rb3 31. bxc5 Bxc5 32. bxa3 Bxa3 33. Rb1 Rfb8 34. Rbd1
Bd6 35. Nc6 R8b6 36. Nd4 R3b4 37. Rfe1 Bc5 38. Nf3 Rb2 39. Rf1 R6b4 40. Rd8+ Kh7
41. Rd2 Bb6 42. e5 Rxd2 43. Nxd2 g5 44. Rc1 Rb2 45. Ne4 Kg6 46. g4 Rb5 47. Ng3
Rxe5 48. Rc2 Kf7 49. Kf3 Ra5 50. Ne4 Ra3+ 51. Kg2 Ke7 52. f3 Ra1 53. Kg3 Rg1+
54. Kh2 Rd1 55. Kg3 Rd7 56. h4 Be3 57. hxg5 hxg5 58. Kg2 Bf4 59. Kf2 Rd5 60. Ke2
Ra5 61. Nc5 Ra3 62. Ne4 Kd7 63. Nf6+ Kd6 64. Kf2 Ke5 65. Ne8 Be3+ 66. Kg3 c5 67.
Nc7 Rb3 68. Rc4 Kd6 69. Ne8+ Ke7 70. Ng7 Bf4+ 71. Kg2 Rb2+ 72. Kf1 Kd6 73. Re4
e5 74. Nf5+ Kc6 75. Ke1 Rb7 76. Kd1 Kd5 77. Kc2 Ra7 78. Kb3 Ra1 79. Ne7+ Ke6 80.
Nf5 Kd5 81. Ne7+ Kd6 82. Nf5+ Kc6 83. Rc4 Be3 84. Nxe3 Kb5 85. Re4 1-0

[Event "World Rapid 2017"]
[Site "Riyadh KSA"]
[Date "2017.12.26"]
[Round "3.31"]
[White "Naiditsch, Arkadij"]
[Black "Riazantsev, Alexander"]
[Result "1/2-1/2"]
[WhiteTitle "GM"]
[BlackTitle "GM"]
[WhiteElo "2705"]
[BlackElo "2650"]
[WhiteFideId "4650891"]
[BlackFideId "4125029"]
[EventDate "2017.12.26"]

1. d4 Nf6 2. Bf4 d5 3. e3 c5 4. c3 Nc6 5. Nd2 cxd4 6. exd4 Bf5 7. Ngf3 e6 8. Qb3
Bd6 9. Bg3 O-O 10. Be2 Rb8 11. a4 h6 12. O-O Bxg3 13. hxg3 Qc7 14. Rfc1 a6 15.
Qd1 Rfc8 16. Nb3 Ne4 17. a5 b5 18. Nfd2 Nxd2 19. Qxd2 Ra8 20. Nc5 Nxa5 21. b4
Nc4 22. Bxc4 dxc4 23. Qf4 Qc6 24. Ra5 Ra7 25. Rca1 Rca8 26. Qf3 Qd6 27. Qf4 Qc6
28. g4 Bg6 29. g5 hxg5 30. Qxg5 Be4 31. f3 Bd5 32. Kf2 f6 33. Qg6 e5 34. dxe5
fxe5 35. Qxc6 Bxc6 36. Ke3 g5 37. Nxa6 Kf7 38. Nc5 Rxa5 39. bxa5 Ke7 40. Ne4
Bxe4 41. Kxe4 Kd6 42. g4 Ra6 43. Kf5 Kc5 44. Kxg5 b4 45. cxb4+ Kxb4 46. Rb1+ Kc3
47. Kf5 Rxa5 48. g5 e4+ 49. Kxe4 Rxg5 50. f4 Rg8 51. f5 Re8+ 52. Kf4 Kd2 53. Rb7
c3 54. Rd7+ Ke2 55. Rc7 Kd2 56. Rd7+ 1/2-1/2

[Event "World Rapid 2017"]
[Site "Riyadh KSA"]
[Date "2017.12.26"]
[Round "3.32"]
[White "Quparadze, Giga"]
[Black "Guseinov, Gadir"]
[Result "1-0"]
[WhiteTitle "GM"]
[BlackTitle "GM"]
[WhiteElo "2506"]
[BlackElo "2646"]
[WhiteFideId "13602250"]
[BlackFideId "13401378"]
[EventDate "2017.12.26"]

1. e4 c5 2. Nf3 g6 3. c3 d5 4. exd5 Qxd5 5. d4 Bg7 6. Be3 cxd4 7. cxd4 Nf6 8.
Nc3 Qd6 9. Bc4 O-O 10. O-O Nc6 11. d5 Na5 12. Be2 Bg4 13. Qa4 b6 14. Nb5 Qd8 15.
Rfd1 a6 16. Nc3 b5 17. Qb4 Nc4 18. Bc5 Re8 19. b3 Bxf3 20. Bxf3 Nd6 21. Rac1 Rc8
22. Ne2 a5 23. Qf4 Nf5 24. g4 Nh4 25. Bh1 h6 26. h3 g5 27. Qg3 Ng6 28. Qd3 Nd7
29. Qxb5 Nxc5 30. Rxc5 Rxc5 31. Qxc5 Be5 32. Be4 Bd6 33. Qb5 Nf4 34. Nxf4 Bxf4
35. Bc2 Kf8 36. Qa6 Kg7 37. Qd3 Rh8 38. Qd4+ Kg8 39. Bf5 h5 40. Rd3 Qd6 41. gxh5
Rxh5 42. Rc3 Qe5 43. Qxe5 Bxe5 44. Rc5 Rh6 45. Rxa5 Rf6 46. Bg4 Bd4 47. d6 Bxf2+
48. Kg2 exd6 49. Rxg5+ Kf8 50. Rb5 Be1 51. Bf5 Rh6 52. a4 Rh4 53. Bg4 Ke7 54. a5
Rh8 55. Bf3 Rc8 56. a6 Rc2+ 57. Kf1 Bf2 58. Rb7+ Ke6 59. a7 Bxa7 60. Rxa7 Rc3
61. Be2 d5 62. b4 f5 63. h4 d4 64. h5 f4 65. Kf2 Kf6 66. h6 Rh3 67. h7 1-0

[Event "World Rapid 2017"]
[Site "Riyadh KSA"]
[Date "2017.12.26"]
[Round "3.33"]
[White "Zhigalko, Sergei"]
[Black "Saric, Ivan"]
[Result "1/2-1/2"]
[WhiteTitle "GM"]
[BlackTitle "GM"]
[WhiteElo "2641"]
[BlackElo "2669"]
[WhiteFideId "13502956"]
[BlackFideId "14508150"]
[EventDate "2017.12.26"]

1. e4 c5 2. Nf3 d6 3. d4 cxd4 4. Qxd4 Nf6 5. Nc3 Nc6 6. Bb5 Bd7 7. Bxc6 Bxc6 8.
Bg5 e6 9. O-O-O Be7 10. Rhe1 O-O 11. Kb1 h6 12. Bh4 b5 13. Bxf6 Bxf6 14. Qxd6
Qb6 15. e5 Rfd8 16. Qb4 a5 17. Qf4 Be7 18. Ne4 Bxe4 19. Qxe4 Bc5 20. Rd3 Rxd3
21. cxd3 Rd8 22. g4 Bxf2 23. Re2 g5 24. Rc2 Qe3 25. Qxe3 Bxe3 26. Re2 Bf4 27. d4
Kg7 28. h3 h5 29. Rg2 Rc8 30. a4 Rc1+ 31. Ka2 Rf1 32. Nd2 Bxd2 33. Rxd2 bxa4 34.
d5 exd5 35. gxh5 Kh6 36. Rxd5 Kxh5 37. Rxa5 Kh4 38. Rxa4+ Kxh3 39. Re4 g4 40. e6
fxe6 41. Rxe6 g3 42. Rh6+ Kg4 43. Rg6+ Kh4 44. b4 Rf4 45. b5 Kh3 46. b6 g2 47.
b7 Rf8 48. Ka3 Rb8 49. Rg7 Kh2 50. Rh7+ Kg3 51. Rg7+ Kf2 52. Rf7+ Ke3 53. Rg7
Kf2 54. Rf7+ Ke1 55. Rg7 Kf1 56. Rf7+ Kg1 57. Rg7 Rf8 58. Ka4 Kf1 59. Ka5 g1=Q
60. Rxg1+ Kxg1 1/2-1/2

[Event "World Rapid 2017"]
[Site "Riyadh KSA"]
[Date "2017.12.26"]
[Round "3.34"]
[White "Sethuraman, S.P."]
[Black "Artemiev, Vladislav"]
[Result "0-1"]
[WhiteTitle "GM"]
[BlackTitle "GM"]
[WhiteElo "2646"]
[BlackElo "2691"]
[WhiteFideId "5021596"]
[BlackFideId "24101605"]
[EventDate "2017.12.26"]

1. e4 c5 2. Nf3 e6 3. Nc3 a6 4. Be2 Nc6 5. d4 cxd4 6. Nxd4 d6 7. Be3 Nf6 8. f4
Bd7 9. Bf3 Rc8 10. O-O Be7 11. a4 O-O 12. Nb3 e5 13. a5 exf4 14. Bxf4 Ne5 15.
Be2 Re8 16. Qd4 Be6 17. Kh1 Nc4 18. Ra2 Qc7 19. Nd5 Nxd5 20. exd5 Bd7 21. Qxc4
Qxc4 22. Bxc4 Rxc4 23. c3 Bb5 24. Raa1 Re4 25. Nd2 Re2 26. c4 Bd7 27. Rae1 Bd8
28. Rxe2 Rxe2 29. Nf3 Rxb2 30. Bxd6 Bxa5 31. Ne5 Be8 32. c5 Bb5 33. Ra1 Rc2 34.
Nf3 Bc3 35. Rb1 f6 36. h3 Bb2 37. Re1 Rc1 38. Rxc1 Bxc1 39. Nd4 Bd7 40. c6 bxc6
41. dxc6 Bc8 42. c7 Kf7 43. Nc6 Ke6 44. Bf8 Kd7 45. Nd4 Bb2 46. Nb3 g6 47. g4
Kxc7 48. Kg2 Kc6 49. Kf3 Kd5 50. Ke3 f5 51. Kf4 fxg4 52. hxg4 Bc3 53. Kg5 a5 54.
Kh6 a4 55. Nc5 a3 56. Na4 Bd2+ 57. Kxh7 a2 58. Bg7 Kc4 59. Kxg6 Kb3 60. Nc5+ Kc2
61. Ne4 Bc1 62. Nd6 Bxg4 63. Nb5 Bb2 64. Nd4+ Kb1 65. Nb3 Bxg7 66. Kxg7 Kb2 0-1

[Event "World Rapid 2017"]
[Site "Riyadh KSA"]
[Date "2017.12.26"]
[Round "3.35"]
[White "Dervishi, Erald"]
[Black "Kasimdzhanov, Rustam"]
[Result "0-1"]
[WhiteTitle "GM"]
[BlackTitle "GM"]
[WhiteElo "2552"]
[BlackElo "2683"]
[WhiteFideId "4700236"]
[BlackFideId "14200244"]
[EventDate "2017.12.26"]

1. e4 c5 2. Nf3 e6 3. d4 cxd4 4. Nxd4 Nc6 5. Nc3 Qc7 6. Be2 a6 7. O-O Nf6 8. Kh1
Nxd4 9. Qxd4 Bc5 10. Qd3 b5 11. f4 Bb7 12. Bf3 d5 13. exd5 O-O 14. Be3 Rfd8 15.
Bxc5 Qxc5 16. a4 b4 17. Ne4 Nxe4 18. Bxe4 g6 19. c4 bxc3 20. Rac1 Bxd5 21. Bxd5
Rxd5 22. Qxc3 Qb6 23. Rfd1 Rad8 24. Rxd5 Rxd5 25. h3 Rd4 26. Qc8+ Kg7 27. Qc3
Qb4 28. Qe3 Re4 29. Qc3+ Qxc3 30. Rxc3 Rxf4 31. b3 h5 32. Rc6 Rb4 33. Rxa6 Rxb3
34. Kg1 Rb2 35. Ra7 Ra2 36. h4 Kf6 37. a5 e5 38. a6 Ke6 39. Kh2 f6 40. Ra8 Kf5
41. a7 Ra3 42. Kg1 e4 43. Kf2 Kf4 44. g3+ Kf5 45. Ke2 Ra2+ 46. Ke3 Ra4 47. Ke2
Ra3 48. Kf2 Ra6 49. Ke3 Ra5 50. Kf2 Ra3 51. Ke2 Kg4 52. Rg8 Rxa7 53. Rxg6+ Kh3
54. Rxf6 Kxg3 55. Ke3 Ra4 56. Rf1 Kxh4 57. Kf4 Ra3 58. Kxe4 Kg3 59. Rg1+ Kf2 60.
Rh1 h4 61. Kf4 h3 62. Rh2+ Kg1 63. Rb2 h2 64. Rb1+ Kg2 65. Rb2+ Kh3 66. Rb1 Rg3
67. Ra1 Rg1 0-1

[Event "World Rapid 2017"]
[Site "Riyadh KSA"]
[Date "2017.12.26"]
[Round "3.36"]
[White "Grigoriants, Sergey"]
[Black "Duda, Jan-Krzysztof"]
[Result "1/2-1/2"]
[WhiteTitle "GM"]
[BlackTitle "GM"]
[WhiteElo "2561"]
[BlackElo "2717"]
[WhiteFideId "4130804"]
[BlackFideId "1170546"]
[EventDate "2017.12.26"]

1. e4 d6 2. d4 Nf6 3. Nc3 g6 4. g3 Bg7 5. Bg2 O-O 6. Nge2 e5 7. O-O Nc6 8. dxe5
dxe5 9. Qxd8 Rxd8 10. Bg5 Bg4 11. h3 Bxe2 12. Nxe2 h6 13. Be3 Bf8 14. c3 Kg7 15.
Rad1 Nd7 16. Nc1 Nb6 17. b3 a5 18. a4 Nd7 19. Nd3 b6 20. Bf3 Be7 21. h4 g5 22.
hxg5 Bxg5 23. Rfe1 Rab8 24. Bg4 Nf6 25. Bf3 Rd7 26. Kf1 Bxe3 27. Rxe3 Rbd8 28.
Ke1 h5 29. Nb2 Rh8 30. Rxd7 Nxd7 31. Nd3 h4 32. gxh4 Rxh4 33. Bg2 Rh6 34. Rg3+
Kf8 35. Ke2 Ke7 36. Bh3 Nf6 37. Bf5 Rh4 38. Ke3 Rh1 39. f4 exf4+ 40. Nxf4 Re1+
41. Ne2 Ne5 42. Rh3 c5 43. Rh8 Ne8 44. Kd2 Nf3+ 45. Ke3 Ne5 46. Kd2 Rf1 47. Rh6
Nd6 48. Rh8 Nxf5 49. exf5 Rxf5 50. Rb8 Nd7 51. Ra8 Rd5+ 52. Ke3 Re5+ 53. Kd3 c4+
54. bxc4 Nc5+ 55. Kd2 Nxa4 56. Nf4 Kf6 57. Ra7 Re4 58. Nd5+ Kg6 59. Rb7 f5 60.
Nxb6 Nxb6 61. Rxb6+ Kg5 62. Rb5 a4 63. c5 Kf4 64. Kd3 Re3+ 65. Kd4 Re8 66. Ra5
Rd8+ 67. Kc4 Ke3 68. Rxa4 f4 69. Ra7 Rf8 70. Re7+ Kd2 71. Rd7+ Kc2 72. Ra7 f3
73. Ra2+ Kd1 74. Kd3 Rd8+ 75. Ke3 Rd5 76. Rf2 Rxc5 77. Kd4 Rc8 78. Rxf3 Rd8+ 79.
Ke5 Ke2 80. Rh3 Rc8 81. Kd5 Rd8+ 82. Ke4 Re8+ 83. Kd4 Rd8+ 84. Ke5 Rc8 85. Kd5
Rd8+ 86. Kc6 Rc8+ 87. Kb5 Rb8+ 88. Ka4 Kd2 89. c4 Ra8+ 90. Kb5 Rb8+ 91. Ka5 Rc8
92. Kb4 Rb8+ 93. Kc5 Rc8+ 94. Kd4 Rd8+ 95. Ke5 Rc8 96. Kd5 Rd8+ 97. Kc5 Rc8+ 98.
Kb4 Rb8+ 99. Ka3 Rc8 100. Kb3 Rb8+ 101. Ka4 Rc8 102. Kb5 Rb8+ 103. Ka6 Rc8 104.
Rh4 Kc3 105. Kb5 Rb8+ 106. Kc6 Rc8+ 107. Kd7 Rxc4 108. Rxc4+ Kxc4 1/2-1/2

[Event "World Rapid 2017"]
[Site "Riyadh KSA"]
[Date "2017.12.26"]
[Round "3.37"]
[White "Vidit, Santosh Gujrathi"]
[Black "Tregubov, Pavel V."]
[Result "1-0"]
[WhiteTitle "GM"]
[BlackTitle "GM"]
[WhiteElo "2715"]
[BlackElo "2575"]
[WhiteFideId "5029465"]
[BlackFideId "4115341"]
[EventDate "2017.12.26"]

1. d4 Nf6 2. Nf3 c5 3. d5 b5 4. Bg5 Qb6 5. Nc3 b4 6. Na4 Qa5 7. Bxf6 exf6 8. b3
d6 9. e4 Be7 10. Bd3 O-O 11. Nd2 Nd7 12. O-O Ne5 13. Nb2 Qc7 14. f4 Nxd3 15.
cxd3 f5 16. Nbc4 Bb7 17. Re1 Rfe8 18. Nf3 Bf8 19. Qc2 g6 20. Rac1 a5 21. a4 Bh6
22. g3 Bg7 23. Qf2 Rad8 24. h3 h6 25. Kh2 Bc3 26. Re2 Rd7 27. Rcc2 Qd8 28. exf5
Rxe2 29. Rxe2 Bxd5 30. fxg6 fxg6 31. Nh4 Qf6 32. Nb6 Bc6 33. Nxd7 Bxd7 34. Qf3
Kg7 35. Qb7 Qf7 36. Qc7 Bf6 37. Qxd6 Bc8 38. Nf3 Bf5 39. g4 Bc8 40. g5 Qe6 1-0

[Event "World Rapid 2017"]
[Site "Riyadh KSA"]
[Date "2017.12.26"]
[Round "3.39"]
[White "Ibrahimov, Rasul"]
[Black "Amin, Bassem"]
[Result "1/2-1/2"]
[WhiteTitle "GM"]
[BlackTitle "GM"]
[WhiteElo "2518"]
[BlackElo "2689"]
[WhiteFideId "13400495"]
[BlackFideId "10601457"]
[EventDate "2017.12.26"]

1. Nf3 Nf6 2. c4 g6 3. Nc3 Bg7 4. e4 d6 5. d4 O-O 6. Be2 e5 7. Be3 Ng4 8. Bg5 f6
9. Bh4 Nc6 10. d5 Ne7 11. O-O g5 12. Bg3 h5 13. Nd2 f5 14. exf5 Nxf5 15. Nde4
Ngh6 16. Bxh5 g4 17. Bg6 Ne7 18. Bh5 Nef5 19. Bg6 Ne7 20. Bh5 Nef5 1/2-1/2